| 000 | 00694cam a2200193 4500 | ||
|---|---|---|---|
| 001 | ##L133270 | ||
| 008 | 060425n1919 000 0 eng u | ||
| 035 | _a(Sirsi) u133270 | ||
| 041 | 0 | _aeng | |
| 050 | 0 | 4 | _a333.332 $2 18 |
| 100 | 1 | _aBearn, A. F. | |
| 245 | 0 | 2 | _aA paper on the valuation of shop properties and their relationship to the rental values |
| 260 |
_aNottingham _bW. E. Middleton _c1919 |
||
| 300 |
_a18p. _bill _c27cm. |
||
| 520 | _aConsiders a system of arriving at a fair anual value, how to use that to arrive at a site value and the market value of the property. | ||
| 690 | _aPROPERTY-COMMERCIAL PROPERTY-RETAIL PROPERTY | ||
| 700 | 1 | _aWooldbridge, A. M. | |
| 942 | _n0 | ||
| 999 |
_c105374 _d105374 |
||